'P' Capitals Quiz Stats

 Plays Quiz Updated Oct 30, 2018

Score 0/17 Timer 05:00
8 Plays Today
Capital % Correct
Paris
89%
Panama City
71.5%
Prague
64.4%
Pyongyang
58.9%
Pretoria
57.8%
Port-au-Prince
55%
Pristina
48.5%
Paramaribo
48.4%
Phnom Penh
47.1%
Capital % Correct
Port Moresby
45.8%
Port of Spain
45%
Podgorica
42.2%
Porto Novo
37.7%
Praia
37.3%
Port Louis
35.8%
Palikir
32.2%
Port Vila
29.9%

You're not logged in!

Compare scores with friends on all Sporcle quizzes.
OR
Log In

Sporcle TV

Today on Sporcle TV


Watch our educational content, quiz creation guides, and fun videos on Sporcle TV.

Show Comments

Extras

Top Quizzes Today


Score Distribution

Your Account Isn't Verified!

In order to create a playlist on Sporcle, you need to verify the email address you used during registration. Go to your Sporcle Settings to finish the process.

Report this User

Report this user for behavior that violates our Community Guidelines.

Details: